| 000 | 00918nam a2200289 a 4500 | ||
|---|---|---|---|
| 001 | 82085 | ||
| 003 | BD-RjUL | ||
| 005 | 20231011111136.0 | ||
| 008 | 231011s2020 ii ||||| |||| 00| 0 eng d | ||
| 020 | _a9789353943455 | ||
| 020 | _a9353943450 | ||
| 035 | _a(BD-RjUL)82085 | ||
| 040 |
_aBD-RjUL _beng _cBD-RjUL |
||
| 041 | _aeng | ||
| 082 |
_223 _a302 _bARS 2020 |
||
| 100 |
_aAronson, Elliot _99465 |
||
| 245 |
_aSocial psychology / _cElliot Aronson,Timothy D. Wilson, Robin M. Akert, Samuel R. Sommers , Veena Tucker. |
||
| 260 |
_aUttar pradesh : _bPearson India Education Services Pvt. Ltd., _c2019 |
||
| 300 |
_axxvi, 668 pages : _billustrations ; _c26 cm. |
||
| 500 | _aIncludes index. | ||
| 650 |
_aSocial psychology _91101 |
||
| 700 |
_aWilson, Timothy D. _99466 |
||
| 700 |
_aAkert, Robin M. _99467 |
||
| 700 |
_aSommers, Samuel R. _99468 |
||
| 700 |
_aTucker, Veena _99469 |
||
| 942 |
_2ddc _cBK |
||
| 999 |
_c82085 _d82085 |
||